00401cam a2200157ua 45000010005000000080039000050400009000440820008000531000031000612450041000922500009001332600037001423000016001796530014001956530034002093059110926n ii |||gr||||Z||||||asm cMAIN a9201 aSarma, Mukul Kr.,eAuthor.11aJawaharlal Nehrucby Mukul Kr. Sarma a1st. aJorhat:bUnika Prakashan,c2010. a48p:c23cm. aBiography aBiography of Jawaharlal Nehru